000 00310nam a22001217a 4500
008 230521b |||||||| |||| 00| 0 eng d
082 _a914.97 PRIY
100 _aPRIVREDNI PREGLED
245 _aYugoslavia:Economic and tourist guide.
260 _aBeograd
_bPregled
_c1958
300 _a314p.
942 _2ddc
_cBK
999 _c2843
_d2843